<?xml version="1.0" encoding="UTF-8"?>
<record
    xmlns:xsi="http://www.w3.org/2001/XMLSchema-instance"
    xsi:schemaLocation="http://www.loc.gov/MARC21/slim http://www.loc.gov/standards/marcxml/schema/MARC21slim.xsd"
    xmlns="http://www.loc.gov/MARC21/slim">

  <leader>00964nam a22001697a 4500</leader>
  <controlfield tag="003">OSt</controlfield>
  <controlfield tag="005">20120303103550.0</controlfield>
  <controlfield tag="008">110824t        xxu||||| |||| 00| 0 eng d</controlfield>
  <datafield tag="040" ind1=" " ind2=" ">
    <subfield code="c">&#x935;&#x93F;&#x926;&#x94D;&#x92F;&#x93E; &#x92A;&#x94D;&#x930;&#x938;&#x93E;&#x930;&#x915; &#x92E;&#x902;&#x921;&#x933;, &#x920;&#x93E;&#x923;&#x947; </subfield>
  </datafield>
  <datafield tag="100" ind1=" " ind2=" ">
    <subfield code="a">&#x92C;&#x947;&#x921;&#x947;&#x915;&#x930;, &#x935;&#x93F;&#x91C;&#x92F; &#x935;&#x93E;.</subfield>
  </datafield>
  <datafield tag="245" ind1=" " ind2=" ">
    <subfield code="a">&#x967;&#x96C;&#x96B;  &#x926;&#x93F;&#x936;&#x93E; : &#x92E;&#x947; &#x968;&#x966;&#x967;&#x967;</subfield>
  </datafield>
  <datafield tag="260" ind1=" " ind2=" ">
    <subfield code="a">&#x920;&#x93E;&#x923;&#x947; </subfield>
    <subfield code="b">&#x935;&#x93F;&#x926;&#x94D;&#x92F;&#x93E; &#x92A;&#x94D;&#x930;&#x938;&#x93E;&#x930;&#x915; &#x92E;&#x902;&#x921;&#x933; </subfield>
    <subfield code="c">&#x968;&#x966;&#x967;&#x967;</subfield>
  </datafield>
  <datafield tag="300" ind1=" " ind2=" ">
    <subfield code="a">&#x96A;&#x96A; p</subfield>
  </datafield>
  <datafield tag="520" ind1=" " ind2=" ">
    <subfield code="a">&#x926;&#x93F;&#x936;&#x93E;, &#x92C;&#x947;&#x921;&#x947;&#x915;&#x930;, &#x935;&#x93F;&#x91C;&#x92F; &#x935;&#x93E;.; &#x909;&#x92A;&#x93E;&#x927;&#x94D;&#x92F;&#x947;, &#x938;&#x91A;&#x93F;&#x928; &#x935;&#x93F;.; &#x92E;&#x93E;&#x928;&#x947;, &#x92F;&#x936;&#x935;&#x902;&#x924;; &#x92D;&#x93F;&#x921;&#x947;, &#x906;&#x936;&#x93E;; &#x917;&#x930;&#x93E;&#x91F;&#x947;, &#x938;&#x91A;&#x93F;&#x928;; &#x906;&#x917;&#x930;&#x915;&#x930;, &#x938;&#x941;&#x927;&#x93E;&#x915;&#x930;; &#x91C;&#x94B;&#x936;&#x940;, &#x936;&#x930;&#x926;; &#x938;&#x93E;&#x928;&#x947;, &#x92F;&#x936;&#x935;&#x902;&#x924;; &#x92E;&#x920;, &#x936;&#x902;. &#x92C;&#x93E;.; &#x92A;&#x93E;&#x920;&#x915;, &#x92E;&#x94B;&#x939;&#x928;</subfield>
  </datafield>
  <datafield tag="856" ind1=" " ind2=" ">
    <subfield code="u">http://dspace.vpmthane.org:8080/jspui/bitstream/123456789/1726/1/165DishaMay2011.pdf</subfield>
  </datafield>
  <datafield tag="942" ind1=" " ind2=" ">
    <subfield code="2">ddc</subfield>
    <subfield code="c">EJOURNAL</subfield>
  </datafield>
  <datafield tag="999" ind1=" " ind2=" ">
    <subfield code="c">836780</subfield>
    <subfield code="d">836777</subfield>
  </datafield>
  <datafield tag="952" ind1=" " ind2=" ">
    <subfield code="0">0</subfield>
    <subfield code="1">0</subfield>
    <subfield code="2">ddc</subfield>
    <subfield code="4">0</subfield>
    <subfield code="7">0</subfield>
    <subfield code="a">VPMDIGI</subfield>
    <subfield code="b">VPMDIGI</subfield>
    <subfield code="d">2011-08-24</subfield>
    <subfield code="l">0</subfield>
    <subfield code="p">VPMDIGJN165</subfield>
    <subfield code="r">2011-08-24 00:00:00</subfield>
    <subfield code="u">http://dspace.vpmthane.org:8080/jspui/bitstream/123456789/1726/1/165DishaMay2011.pdf</subfield>
    <subfield code="w">2011-08-24</subfield>
    <subfield code="y">EJOURNAL</subfield>
  </datafield>
</record>
